Statistieken voor Snel Rekenen - Vermenigvuldiging Quiz

Klik hier om de quiz te nemen!

Algemene statistieken

  • Deze quiz is 1.929 keer genomen
  • De gemiddelde score is 15 van 20

Antwoordstatistieken

SomOplossing% Correct
5 x 210
100%
50 x 2100
100%
10 x 10100
100%
20 x 5100
100%
51 x 2102
100%
15 x 7105
100%
21 x 5105
100%
35 x 3105
100%
36 x 3108
100%
18 x 6108
100%
54 x 2108
100%
11 x 10110
100%
22 x 5110
100%
55 x 2110
100%
37 x 3111
100%
56 x 2112
100%
28 x 4112
100%
23 x 5115
100%
29 x 4116
100%
59 x 2118
100%
17 x 7119
100%
4 x 312
100%
6 x 212
100%
40 x 3120
100%
12 x 10120
100%
24 x 5120
100%
20 x 6120
100%
61 x 2122
100%
41 x 3123
100%
62 x 2124
100%
42 x 3126
100%
13 x 10130
100%
65 x 2130
100%
66 x 2132
100%
45 x 3135
100%
34 x 4136
100%
7 x 214
100%
20 x 7140
100%
14 x 10140
100%
70 x 2140
100%
35 x 4140
100%
71 x 2142
100%
5 x 315
100%
75 x 2150
100%
25 x 6150
100%
30 x 5150
100%
51 x 3153
100%
17 x 9153
100%
77 x 2154
100%
31 x 5155
100%
26 x 6156
100%
39 x 4156
100%
4 x 416
100%
80 x 2160
100%
27 x 6162
100%
41 x 4164
100%
55 x 3165
100%
33 x 5165
100%
21 x 8168
100%
84 x 2168
100%
28 x 6168
100%
57 x 3171
100%
19 x 9171
100%
86 x 2172
100%
43 x 4172
100%
25 x 7175
100%
35 x 5175
100%
16 x 11176
100%
45 x 4180
100%
20 x 9180
100%
18 x 10180
100%
30 x 6180
100%
60 x 3180
100%
91 x 2182
100%
92 x 2184
100%
31 x 6186
100%
93 x 2186
100%
94 x 2188
100%
27 x 7189
100%
97 x 2194
100%
98 x 2196
100%
28 x 7196
100%
18 x 11198
100%
99 x 2198
100%
33 x 6198
100%
10 x 220
100%
20 x 10200
100%
40 x 5200
100%
51 x 4204
100%
69 x 3207
100%
52 x 4208
100%
7 x 321
100%
70 x 3210
100%
30 x 7210
100%
21 x 10210
100%
27 x 8216
100%
31 x 7217
100%
22 x 10220
100%
44 x 5220
100%
23 x 10230
100%
21 x 11231
100%
6 x 424
100%
30 x 8240
100%
20 x 12240
100%
80 x 3240
100%
5 x 525
100%
42 x 6252
100%
13 x 226
100%
20 x 13260
100%
26 x 10260
100%
24 x 11264
100%
33 x 8264
100%
19 x 14266
100%
9 x 327
100%
90 x 3270
100%
91 x 3273
100%
93 x 3279
100%
7 x 428
100%
56 x 5280
100%
20 x 14280
100%
71 x 4284
100%
96 x 3288
100%
29 x 10290
100%
15 x 230
100%
10 x 330
100%
6 x 530
100%
30 x 10300
100%
75 x 4300
100%
76 x 4304
100%
19 x 16304
100%
61 x 5305
100%
51 x 6306
100%
31 x 10310
100%
24 x 13312
100%
16 x 232
100%
32 x 10320
100%
80 x 4320
100%
81 x 4324
100%
25 x 13325
100%
41 x 8328
100%
55 x 6330
100%
30 x 11330
100%
33 x 10330
100%
56 x 6336
100%
34 x 10340
100%
31 x 11341
100%
43 x 8344
100%
7 x 535
100%
35 x 10350
100%
21 x 17357
100%
6 x 636
100%
9 x 436
100%
12 x 336
100%
20 x 18360
100%
72 x 5360
100%
36 x 10360
100%
90 x 4360
100%
33 x 11363
100%
53 x 7371
100%
34 x 11374
100%
29 x 13377
100%
63 x 6378
100%
76 x 5380
100%
38 x 10380
100%
30 x 13390
100%
65 x 6390
100%
39 x 10390
100%
79 x 5395
100%
2 x 24
100%
10 x 440
100%
8 x 540
100%
20 x 240
100%
50 x 8400
100%
20 x 20400
100%
31 x 13403
100%
52 x 8416
100%
21 x 242
100%
14 x 342
100%
42 x 10420
100%
21 x 20420
100%
61 x 7427
100%
86 x 5430
100%
54 x 8432
100%
48 x 9432
100%
11 x 444
100%
22 x 20440
100%
55 x 8440
100%
92 x 5460
100%
78 x 6468
100%
52 x 9468
100%
94 x 5470
100%
43 x 11473
100%
24 x 248
100%
8 x 648
100%
48 x 10480
100%
40 x 12480
100%
24 x 20480
100%
60 x 8480
100%
80 x 6480
100%
81 x 6486
100%
7 x 749
100%
99 x 5495
100%
10 x 550
100%
25 x 250
100%
50 x 10500
100%
51 x 10510
100%
26 x 252
100%
52 x 10520
100%
40 x 13520
100%
35 x 15525
100%
44 x 12528
100%
53 x 10530
100%
27 x 254
100%
60 x 9540
100%
54 x 10540
100%
91 x 6546
100%
11 x 555
100%
55 x 10550
100%
79 x 7553
100%
56 x 10560
100%
80 x 7560
100%
51 x 11561
100%
19 x 357
100%
65 x 9585
100%
59 x 10590
100%
66 x 9594
100%
27 x 22594
100%
54 x 11594
100%
30 x 260
100%
20 x 360
100%
10 x 660
100%
15 x 460
100%
60 x 10600
100%
30 x 20600
100%
32 x 264
100%
8 x 864
100%
33 x 266
100%
11 x 666
100%
34 x 268
100%
23 x 369
100%
10 x 770
100%
18 x 472
100%
37 x 274
100%
25 x 375
100%
15 x 575
100%
13 x 678
100%
4 x 28
100%
10 x 880
100%
41 x 282
100%
12 x 784
100%
28 x 384
100%
29 x 387
100%
44 x 288
100%
3 x 39
100%
45 x 290
100%
30 x 390
100%
31 x 393
100%
19 x 595
100%
48 x 296
100%
16 x 696
100%
49 x 298
100%
14 x 798
100%
11 x 999
100%
21 x 9189
93%
15 x 10150
92%
22 x 244
92%
90 x 6540
92%
34 x 3102
91%
60 x 2120
91%
52 x 3156
91%
15 x 13195
91%
24 x 10240
91%
53 x 5265
91%
89 x 3267
91%
30 x 9270
91%
57 x 6342
91%
45 x 10450
91%
12 x 448
91%
70 x 7490
91%
25 x 5125
90%
49 x 3147
90%
74 x 2148
90%
20 x 8160
90%
42 x 4168
90%
32 x 6192
90%
55 x 4220
90%
40 x 7280
90%
20 x 15300
90%
40 x 8320
90%
60 x 6360
90%
26 x 15390
90%
40 x 11440
90%
55 x 9495
90%
25 x 20500
90%
65 x 8520
90%
88 x 6528
90%
48 x 12576
90%
13 x 565
90%
22 x 366
90%
32 x 396
90%
26 x 4104
89%
16 x 7112
89%
12 x 11132
89%
19 x 7133
89%
15 x 9135
89%
13 x 11143
89%
72 x 2144
89%
73 x 2146
89%
47 x 4188
89%
5 x 420
89%
25 x 9225
89%
50 x 5250
89%
64 x 4256
89%
99 x 3297
89%
23 x 13299
89%
80 x 5400
89%
83 x 5415
89%
90 x 5450
89%
16 x 348
89%
62 x 8496
89%
81 x 7567
89%
57 x 10570
89%
9 x 981
89%
27 x 381
89%
42 x 284
89%
38 x 3114
88%
11 x 11121
88%
64 x 2128
88%
12 x 12144
88%
50 x 3150
88%
8 x 216
88%
13 x 13169
88%
9 x 218
88%
95 x 2190
88%
72 x 3216
88%
11 x 222
88%
31 x 8248
88%
34 x 8272
88%
24 x 12288
88%
53 x 6318
88%
30 x 12360
88%
61 x 6366
88%
43 x 9387
88%
44 x 9396
88%
60 x 7420
88%
35 x 12420
88%
96 x 5480
88%
49 x 10490
88%
53 x 11583
88%
98 x 6588
88%
12 x 560
88%
21 x 363
88%
39 x 278
88%
11 x 888
88%
22 x 488
88%
46 x 292
88%
21 x 484
87%
31 x 4124
86%
43 x 3129
86%
26 x 5130
86%
27 x 5135
86%
13 x 12156
86%
78 x 2156
86%
40 x 4160
86%
81 x 2162
86%
17 x 10170
86%
87 x 2174
86%
90 x 2180
86%
38 x 5190
86%
23 x 9207
86%
39 x 6234
86%
21 x 12252
86%
18 x 15270
86%
55 x 5275
86%
48 x 6288
86%
60 x 5300
86%
68 x 5340
86%
20 x 17340
86%
50 x 7350
86%
62 x 6372
86%
19 x 238
86%
99 x 4396
86%
9 x 545
86%
47 x 10470
86%
44 x 11484
86%
13 x 452
86%
41 x 13533
86%
9 x 654
86%
50 x 11550
86%
28 x 20560
86%
29 x 258
86%
35 x 270
86%
9 x 872
86%
14 x 684
86%
43 x 286
86%
10 x 990
86%
23 x 492
86%
34 x 5170
85%
25 x 4100
83%
13 x 8104
83%
12 x 9108
83%
39 x 3117
83%
63 x 2126
83%
69 x 2138
83%
19 x 8152
83%
79 x 2158
83%
58 x 3174
83%
44 x 4176
83%
37 x 5185
83%
16 x 13208
83%
19 x 11209
83%
42 x 5210
83%
15 x 15225
83%
45 x 5225
83%
26 x 9234
83%
22 x 11242
83%
65 x 4260
83%
27 x 10270
83%
25 x 11275
83%
70 x 4280
83%
35 x 8280
83%
47 x 6282
83%
42 x 7294
83%
11 x 333
83%
28 x 12336
83%
49 x 7343
83%
87 x 4348
83%
29 x 12348
83%
44 x 8352
83%
18 x 236
83%
70 x 6420
83%
53 x 8424
83%
75 x 6450
83%
23 x 246
83%
17 x 351
83%
26 x 20520
83%
61 x 9549
83%
70 x 8560
83%
73 x 8584
83%
84 x 7588
83%
99 x 6594
83%
16 x 580
83%
16 x 9144
82%
29 x 5145
82%
88 x 2176
82%
59 x 3177
82%
25 x 10250
82%
51 x 5255
82%
28 x 11308
82%
26 x 12312
82%
95 x 6570
82%
18 x 590
82%
24 x 496
82%
27 x 4108
80%
14 x 9126
80%
21 x 6126
80%
32 x 4128
80%
21 x 7147
80%
14 x 11154
80%
16 x 10160
80%
32 x 5160
80%
83 x 2166
80%
29 x 6174
80%
19 x 10190
80%
66 x 3198
80%
50 x 4200
80%
67 x 3201
80%
35 x 6210
80%
20 x 11220
80%
77 x 3231
80%
29 x 8232
80%
59 x 4236
80%
81 x 3243
80%
61 x 4244
80%
14 x 228
80%
58 x 5290
80%
74 x 4296
80%
38 x 8304
80%
29 x 11319
80%
8 x 432
80%
65 x 5325
80%
66 x 5330
80%
67 x 5335
80%
73 x 5365
80%
54 x 7378
80%
40 x 10400
80%
41 x 10410
80%
23 x 18414
80%
43 x 10430
80%
41 x 11451
80%
93 x 5465
80%
32 x 15480
80%
54 x 9486
80%
28 x 256
80%
8 x 756
80%
25 x 24600
80%
17 x 468
80%
20 x 480
80%
40 x 280
80%
12 x 896
80%
53 x 3159
79%
17 x 6102
78%
14 x 8112
78%
23 x 6138
78%
54 x 3162
78%
82 x 2164
78%
46 x 4184
78%
18 x 13234
78%
49 x 5245
78%
41 x 7287
78%
73 x 4292
78%
59 x 5295
78%
59 x 6354
78%
25 x 15375
78%
89 x 5445
78%
56 x 8448
78%
30 x 15450
78%
16 x 464
78%
53 x 2106
75%
16 x 8128
75%
22 x 6132
75%
68 x 2136
75%
18 x 8144
75%
37 x 4148
75%
85 x 2170
75%
6 x 318
75%
61 x 3183
75%
16 x 12192
75%
39 x 5195
75%
25 x 8200
75%
26 x 8208
75%
32 x 7224
75%
12 x 224
75%
8 x 324
75%
60 x 4240
75%
41 x 6246
75%
62 x 4248
75%
85 x 3255
75%
69 x 4276
75%
28 x 10280
75%
33 x 9297
75%
50 x 6300
75%
22 x 14308
75%
20 x 16320
75%
82 x 4328
75%
86 x 4344
75%
23 x 15345
75%
89 x 4356
75%
52 x 7364
75%
31 x 12372
75%
75 x 5375
75%
94 x 4376
75%
21 x 18378
75%
20 x 19380
75%
95 x 4380
75%
48 x 8384
75%
55 x 7385
75%
25 x 16400
75%
37 x 11407
75%
34 x 12408
75%
28 x 15420
75%
44 x 10440
75%
88 x 5440
75%
15 x 345
75%
50 x 9450
75%
58 x 8464
75%
34 x 14476
75%
61 x 8488
75%
82 x 6492
75%
58 x 9522
75%
87 x 6522
75%
75 x 7525
75%
30 x 18540
75%
42 x 13546
75%
40 x 14560
75%
38 x 15570
75%
28 x 21588
75%
40 x 15600
75%
9 x 763
75%
36 x 272
75%
11 x 777
75%
15 x 690
75%
47 x 294
75%
33 x 399
75%
19 x 6114
73%
14 x 12168
73%
53 x 4212
73%
86 x 3258
73%
54 x 6324
73%
57 x 9513
73%
57 x 2114
71%
44 x 3132
71%
17 x 8136
71%
38 x 4152
71%
56 x 3168
71%
89 x 2178
71%
63 x 3189
71%
64 x 3192
71%
68 x 3204
71%
15 x 14210
71%
54 x 4216
71%
18 x 12216
71%
46 x 5230
71%
78 x 3234
71%
23 x 11253
71%
37 x 7259
71%
52 x 5260
71%
44 x 6264
71%
19 x 15285
71%
26 x 11286
71%
72 x 4288
71%
32 x 9288
71%
37 x 8296
71%
58 x 6348
71%
25 x 14350
71%
71 x 5355
71%
40 x 9360
71%
91 x 4364
71%
92 x 4368
71%
37 x 10370
71%
35 x 11385
71%
49 x 8392
71%
72 x 6432
71%
42 x 11462
71%
33 x 15495
71%
84 x 6504
71%
85 x 6510
71%
31 x 17527
71%
48 x 11528
71%
59 x 9531
71%
31 x 262
71%
24 x 372
71%
17 x 585
71%
58 x 2116
70%
18 x 7126
70%
22 x 7154
70%
24 x 9216
70%
58 x 4232
70%
48 x 5240
70%
27 x 9243
70%
88 x 3264
70%
39 x 7273
70%
62 x 5310
70%
84 x 4336
70%
17 x 234
70%
85 x 5425
70%
98 x 5490
70%
96 x 6576
70%
52 x 2104
67%
13 x 9117
67%
33 x 4132
67%
26 x 7182
67%
17 x 11187
67%
65 x 3195
67%
36 x 6216
67%
38 x 6228
67%
76 x 3228
67%
47 x 5235
67%
28 x 9252
67%
32 x 8256
67%
43 x 6258
67%
66 x 4264
67%
67 x 4268
67%
54 x 5270
67%
21 x 13273
67%
31 x 9279
67%
25 x 12300
67%
43 x 7301
67%
35 x 9315
67%
63 x 5315
67%
79 x 4316
67%
64 x 5320
67%
37 x 9333
67%
21 x 16336
67%
70 x 5350
67%
39 x 9351
67%
47 x 8376
67%
42 x 9378
67%
96 x 4384
67%
64 x 6384
67%
77 x 5385
67%
57 x 7399
67%
45 x 9405
67%
81 x 5405
67%
51 x 8408
67%
82 x 5410
67%
69 x 6414
67%
46 x 9414
67%
22 x 19418
67%
30 x 14420
67%
84 x 5420
67%
71 x 6426
67%
62 x 7434
67%
91 x 5455
67%
51 x 9459
67%
46 x 10460
67%
95 x 5475
67%
97 x 5485
67%
41 x 12492
67%
71 x 7497
67%
24 x 21504
67%
23 x 22506
67%
73 x 7511
67%
64 x 8512
67%
47 x 11517
67%
23 x 23529
67%
67 x 8536
67%
18 x 354
67%
25 x 22550
67%
47 x 12564
67%
94 x 6564
67%
52 x 11572
67%
64 x 9576
67%
58 x 10580
67%
45 x 13585
67%
3 x 26
67%
38 x 276
67%
19 x 476
67%
26 x 378
67%
24 x 6144
64%
18 x 9162
64%
49 x 4196
64%
16 x 14224
64%
92 x 3276
64%
13 x 339
64%
98 x 4392
64%
25 x 21525
64%
49 x 11539
64%
29 x 19551
64%
74 x 8592
64%
46 x 3138
63%
36 x 4144
63%
76 x 2152
63%
62 x 3186
63%
48 x 4192
63%
22 x 9198
63%
34 x 6204
63%
73 x 3219
63%
35 x 7245
63%
82 x 3246
63%
45 x 6270
63%
95 x 3285
63%
27 x 13351
63%
45 x 8360
63%
74 x 5370
63%
66 x 6396
63%
26 x 17442
63%
25 x 18450
63%
36 x 13468
63%
79 x 6474
63%
72 x 7504
63%
66 x 8528
63%
27 x 20540
63%
32 x 17544
63%
62 x 9558
63%
63 x 9567
63%
29 x 20580
63%
15 x 12180
62%
30 x 4120
60%
28 x 5140
60%
47 x 3141
60%
23 x 7161
60%
15 x 11165
60%
41 x 5205
60%
71 x 3213
60%
56 x 4224
60%
33 x 7231
60%
79 x 3237
60%
17 x 14238
60%
34 x 7238
60%
29 x 9261
60%
17 x 16272
60%
68 x 4272
60%
57 x 5285
60%
27 x 12324
60%
18 x 18324
60%
42 x 8336
60%
32 x 11352
60%
32 x 12384
60%
78 x 5390
60%
27 x 15405
60%
29 x 14406
60%
32 x 13416
60%
38 x 11418
60%
39 x 11429
60%
29 x 15435
60%
23 x 19437
60%
49 x 9441
60%
34 x 13442
60%
74 x 6444
60%
31 x 15465
60%
31 x 16496
60%
43 x 12516
60%
76 x 7532
60%
26 x 21546
60%
92 x 6552
60%
14 x 456
60%
35 x 16560
60%
41 x 14574
60%
31 x 19589
60%
22 x 8176
57%
23 x 8184
57%
96 x 2192
57%
84 x 3252
57%
52 x 6312
57%
39 x 8312
57%
24 x 14336
57%
97 x 4388
57%
26 x 16416
57%
47 x 9423
57%
27 x 17459
57%
33 x 14462
57%
39 x 12468
57%
34 x 15510
57%
12 x 672
57%
87 x 3261
56%
77 x 6462
56%
68 x 7476
56%
45 x 11495
56%
86 x 6516
56%
72 x 8576
56%
87 x 5435
55%
67 x 7469
55%
13 x 791
55%
29 x 7203
54%
31 x 18558
54%
67 x 2134
50%
48 x 3144
50%
36 x 5180
50%
24 x 8192
50%
17 x 13221
50%
75 x 3225
50%
40 x 6240
50%
16 x 15240
50%
18 x 14252
50%
17 x 15255
50%
38 x 7266
50%
23 x 12276
50%
94 x 3282
50%
18 x 16288
50%
97 x 3291
50%
49 x 6294
50%
98 x 3294
50%
21 x 14294
50%
34 x 9306
50%
21 x 15315
50%
36 x 9324
50%
22 x 15330
50%
19 x 18342
50%
51 x 7357
50%
28 x 13364
50%
46 x 8368
50%
41 x 9369
50%
22 x 17374
50%
24 x 16384
50%
23 x 17391
50%
28 x 14392
50%
22 x 18396
50%
36 x 11396
50%
58 x 7406
50%
24 x 17408
50%
7 x 642
50%
33 x 13429
50%
31 x 14434
50%
21 x 21441
50%
63 x 7441
50%
32 x 14448
50%
64 x 7448
50%
65 x 7455
50%
38 x 12456
50%
76 x 6456
50%
23 x 20460
50%
22 x 21462
50%
28 x 17476
50%
29 x 17493
50%
26 x 19494
50%
27 x 19513
50%
24 x 22528
50%
28 x 19532
50%
45 x 12540
50%
34 x 16544
50%
39 x 14546
50%
24 x 23552
50%
30 x 19570
50%
97 x 6582
50%
33 x 18594
50%
85 x 7595
50%
75 x 8600
50%
50 x 12600
50%
33 x 17561
45%
27 x 11297
44%
59 x 7413
44%
59 x 8472
44%
19 x 12228
43%
19 x 13247
43%
63 x 4252
43%
16 x 16256
43%
36 x 8288
43%
44 x 7308
43%
78 x 4312
43%
33 x 12396
43%
21 x 19399
43%
68 x 6408
43%
57 x 8456
43%
53 x 9477
43%
83 x 6498
43%
42 x 12504
43%
71 x 8568
43%
44 x 13572
43%
25 x 23575
43%
63 x 8504
42%
24 x 7168
40%
14 x 13182
40%
17 x 12204
40%
74 x 3222
40%
83 x 3249
40%
19 x 17323
40%
47 x 7329
40%
48 x 7336
40%
24 x 15360
40%
26 x 14364
40%
93 x 4372
40%
67 x 6402
40%
24 x 19456
40%
69 x 7483
40%
22 x 22484
40%
38 x 13494
40%
46 x 11506
40%
30 x 17510
40%
69 x 8552
40%
37 x 15555
40%
43 x 13559
40%
82 x 7574
40%
37 x 16592
40%
26 x 23598
40%
38 x 9342
38%
37 x 12444
38%
36 x 15540
38%
68 x 8544
38%
24 x 24576
38%
18 x 17306
36%
43 x 5215
33%
37 x 6222
33%
57 x 4228
33%
36 x 7252
33%
46 x 6276
33%
22 x 13286
33%
77 x 4308
33%
45 x 7315
33%
46 x 7322
33%
83 x 4332
33%
85 x 4340
33%
88 x 4352
33%
27 x 18486
33%
56 x 9504
33%
39 x 13507
33%
32 x 16512
33%
74 x 7518
33%
29 x 18522
33%
89 x 6534
33%
77 x 7539
33%
27 x 21567
33%
49 x 12588
33%
46 x 12552
30%
46 x 13598
30%
22 x 12264
29%
23 x 14322
29%
24 x 18432
29%
34 x 17578
29%
42 x 14588
29%
28 x 8224
25%
17 x 17289
25%
26 x 13338
25%
22 x 16352
25%
23 x 16368
25%
27 x 16432
25%
73 x 6438
25%
35 x 13455
25%
23 x 21483
25%
78 x 7546
25%
14 x 14196
20%
69 x 5345
20%
29 x 16464
20%
37 x 13481
20%
93 x 6558
20%
83 x 7581
20%
39 x 15585
20%
35 x 17595
20%
25 x 19475
18%
27 x 14378
17%
35 x 14490
17%
33 x 16528
17%
36 x 14504
14%
38 x 14532
14%
36 x 12432
13%
15 x 8120
0%
19 x 19361
0%
56 x 7392
0%
25 x 17425
0%
28 x 16448
0%
66 x 7462
0%
26 x 18468
0%
30 x 16480
0%
28 x 18504
0%
37 x 14518
0%
26 x 22572
0%
36 x 16576
0%
32 x 18576
0%
14 x 570
0%

Scoreverdeling

Percentiel versus Aantal Correcte Antwoorden

Procent van Mensen met Elke Score

Uw Scoregeschiedenis

U heeft deze quiz nog niet genomen